[Event "Olimpiade 2018 - Open"]
[Site "Batumi"]
[Date "26.09.2018"]
[Round "3.12"]
[Board "3"]
[White "Ponomariov, Ruslan"]
[Black "Deac, Bogdan-Daniel"]
[Result "1/2-1/2"]
[WhiteTitle "GM"]
[BlackTitle "GM"]
[WhiteElo "2681"]
[BlackElo "2594"]
[WhiteTeam "Ukraine"]
[BlackTeam "Romania"]
[WhiteFideId "14103320"]
[BlackFideId "1226380"]
[EventDate "2018.09.24"]

1. d4 Nf6 2. c4 e6 3. Nc3 Bb4 4. e3 O-O 5. Ne2 c6 6. a3 Ba5 7. c5 d5 8. cxd6
Qxd6 9. b4 Bc7 10. g3 e5 11. Bg2 Be6 12. Qc2 Nbd7 13. O-O a6 14. Bb2 Qe7 15. Na4
Bg4 16. dxe5 Bxe5 17. Bxe5 Nxe5 18. Nd4 Rae8 19. Nc5 Bc8 20. Rae1 Nfd7 21. Ncb3
Nb6 22. Na5 Qf6 23. h3 Qg6 24. Qxg6 hxg6 25. Rc1 g5 26. Rfd1 Rd8 27. f4 gxf4 28.
exf4 Ng6 29. Kf2 Na4 30. h4 Ne7 31. Bf3 Nb2 32. Rd2 Nf5 33. Nab3 Nxd4 34. Nxd4
Bf5 35. Rxb2 Rxd4 36. Re1 Be6 37. Rd1 Rxd1 38. Bxd1 Rd8 39. Be2 Kf8 40. g4 f5
41. g5 Rd4 42. Kg3 Bd5 43. a4 Re4 44. h5 Re3+ 45. Kf2 Re4 46. Kg3 Re3+ 47. Kf2 1/2-1/2

[Event "Olimpiade 2018 - Open"]
[Site "Batumi"]
[Date "26.09.2018"]
[Round "3.19"]
[Board "2"]
[White "Henriquez Villagra, Cristobal"]
[Black "Laznicka, Viktor"]
[Result "1-0"]
[WhiteTitle "GM"]
[BlackTitle "GM"]
[WhiteElo "2519"]
[BlackElo "2662"]
[WhiteTeam "Chile"]
[BlackTeam "Czech Republic"]
[WhiteFideId "3409350"]
[BlackFideId "316385"]
[EventDate "2018.09.24"]

1. e4 d5 2. exd5 Qxd5 3. Nc3 Qa5 4. Bc4 Nf6 5. Nf3 Bf5 6. d3 c6 7. Bd2 Qc7 8.
Qe2 Nbd7 9. Nh4 Bg6 10. Nxg6 hxg6 11. g3 e6 12. a3 Be7 13. Ne4 Qe5 14. Bc3 Qh5
15. f4 Kf8 16. Bd2 Rd8 17. Qxh5 Rxh5 18. Ng5 Nd5 19. O-O Bc5+ 20. Kh1 N7f6 21.
Rf3 Ng4 22. h3 Ke7 23. Re1 Ngf6 24. Kg2 Rhh8 25. g4 Nd7 26. c3 Bd6 27. d4 Bb8
28. Bd3 Rhe8 29. c4 Nc7 30. f5 gxf5 31. gxf5 e5 32. dxe5 Nc5 33. f6+ Kf8 34. Bb4
Na6 35. e6 gxf6 36. Rxf6 Rxd3 37. exf7 Rc8 38. Ne6+ Ke7 39. Nd8+ Kd7 40. Re7+ 1-0

[Event "Olimpiade 2018 - Open"]
[Site "Batumi"]
[Date "26.09.2018"]
[Round "3.34"]
[Board "3"]
[White "Tersinsev, Andrey"]
[Black "Sanchez, Sebastian Felipe"]
[Result "0-1"]
[BlackTitle "IM"]
[WhiteElo "2194"]
[BlackElo "2424"]
[WhiteTeam "IPCA"]
[BlackTeam "Colombia"]
[WhiteFideId "24194662"]
[BlackFideId "4403304"]
[EventDate "2018.09.24"]

1. d4 Nf6 2. c4 e6 3. Nc3 Bb4 4. e3 O-O 5. Ne2 Re8 6. a3 Bf8 7. Ng3 d5 8. Be2 c5
9. dxc5 Bxc5 10. b4 Bf8 11. Bb2 Nc6 12. O-O g6 13. Qb3 a5 14. b5 dxc4 15. Qxc4
Ne5 16. Qf4 Ned7 17. Rfd1 Bg7 18. e4 h5 19. e5 Qc7 20. b6 Qxe5 21. Qc1 Qc5 22.
Nb5 Qxc1 23. Raxc1 Nxb6 24. Nc7 Bd7 25. Nxa8 Rxa8 26. Bxf6 Bxf6 27. Rb1 Nd5 28.
Ne4 Be7 29. Rxb7 Bc6 30. Rxe7 Nxe7 31. Bf3 Rb8 32. Rc1 Kg7 33. Kf1 Rb3 34. Ra1
Bd5 35. a4 Rb4 36. Nd2 f6 37. Bd1 Nc6 38. Rc1 Nd4 39. Rc5 Rb2 40. Nf3 Rb1 41.
Ke1 Nxf3+ 42. gxf3 Bxf3 43. Rc7+ Kh6 44. Rd7 Kg5 0-1

[Event "Olimpiade 2018 - Open"]
[Site "Batumi"]
[Date "26.09.2018"]
[Round "3.35"]
[Board "2"]
[White "Meshkov, Yuri A."]
[Black "Nanjo, Ryosuke"]
[Result "1-0"]
[WhiteTitle "IM"]
[BlackTitle "IM"]
[WhiteElo "2313"]
[BlackElo "2324"]
[WhiteTeam "IBCA"]
[BlackTeam "Japan"]
[WhiteFideId "4107101"]
[BlackFideId "7000634"]
[EventDate "2018.09.24"]

1. e4 c5 2. Nf3 d6 3. Bb5+ Nd7 4. d4 Nf6 5. Nc3 cxd4 6. Qxd4 a6 7. Bxd7+ Bxd7 8.
Bg5 e6 9. e5 dxe5 10. Nxe5 Bc6 11. Nxc6 bxc6 12. Qc4 Qb6 13. Be3 Qc7 14. O-O-O
Be7 15. Bf4 Qb7 16. Bd6 O-O 17. Bxe7 Qxe7 18. Qxc6 Rfc8 19. Qd6 Qb7 20. f3 Rc6
21. Qd8+ Ne8 22. Rd7 Rxd8 23. Rxb7 Rdc8 24. Rd1 Nf6 25. Rd2 h6 26. Rb4 Kh7 27.
Rbd4 a5 28. R2d3 Nd5 29. Ra4 Rc5 30. Kd1 Nb6 31. Re4 R8c6 32. Re2 f5 33. Kc1 Kg6
34. g3 Kf6 35. Nd1 Nd5 36. a3 g5 37. Ne3 Nb6 38. b3 h5 39. f4 e5 40. fxg5+ Kxg5
41. Rf2 f4 42. h4+ Kf6 43. gxf4 e4 44. Rd4 a4 45. Kb2 axb3 46. cxb3 Re6 47. Rg2
Rf5 48. Rf2 Rc5 49. a4 Nc8 50. b4 Rcc6 51. Rd5 Nd6 52. Rc2 Rb6 53. b5 Ne8 54.
Rxh5 Rbd6 55. Rc8 Rd2+ 56. Kc1 Rd3 57. Rh6+ Kf7 58. Rxe6 1-0

[Event "Olimpiade 2018 - Open"]
[Site "Batumi"]
[Date "26.09.2018"]
[Round "3.36"]
[Board "4"]
[White "Sibashvili, Giorgi"]
[Black "Espinoza, Jose"]
[Result "1-0"]
[WhiteTitle "IM"]
[WhiteElo "2425"]
[BlackElo "2129"]
[WhiteTeam "Georgia 3"]
[BlackTeam "Nicaragua"]
[WhiteFideId "13602799"]
[BlackFideId "6100511"]
[EventDate "2018.09.24"]

1. d4 Nf6 2. c4 g6 3. Nc3 Bg7 4. e4 d6 5. Nf3 O-O 6. h3 c6 7. Be2 Qc7 8. O-O e5
9. Be3 Nbd7 10. d5 c5 11. a3 Ne8 12. b4 b6 13. Qa4 h6 14. Rab1 f5 15. Qc6 Bb7
16. Qxc7 Nxc7 17. bxc5 dxc5 18. Nh4 Kh7 19. exf5 gxf5 20. Nxf5 Rxf5 21. Bd3 Rf8
22. g4 e4 23. Nxe4 Ne5 24. Bc2 R5f7 25. Nxc5+ Kh8 26. Nxb7 Nxc4 27. Bb3 Nxd5 28.
Nd6 Nxd6 29. Bxd5 Rc7 30. Rfc1 Rfc8 31. Rxc7 Rxc7 32. Bf4 Rc5 33. Rd1 Nb5 34.
Be4 Nd4 35. Be3 Rc4 36. Kg2 Ne6 37. Bf5 Nd4 38. Bd3 Ra4 39. Rc1 Kg8 40. Rc8+ Kf7
41. Rc7+ Kf6 42. Bc4 Nc2 43. Bc1 Nd4 44. Bb2 Kg6 45. Bf7+ 1-0

[Event "Olimpiade 2018 - Open"]
[Site "Batumi"]
[Date "26.09.2018"]
[Round "3.39"]
[Board "3"]
[White "Gazik, Viktor"]
[Black "Notha, Moakofi"]
[Result "1-0"]
[WhiteTitle "IM"]
[WhiteElo "2486"]
[BlackElo "2071"]
[WhiteTeam "Slovakia"]
[BlackTeam "Botswana"]
[WhiteFideId "14928752"]
[BlackFideId "11300710"]
[EventDate "2018.09.24"]

1. e4 e5 2. Nf3 Nc6 3. c3 d5 4. Qa4 f6 5. d3 Ne7 6. Be2 Be6 7. O-O Nc8 8. b4 Nb6
9. Qc2 Qd7 10. Rd1 O-O-O 11. a4 Kb8 12. Nbd2 Qf7 13. Bb2 g5 14. a5 Nc8 15. exd5
Rxd5 16. Ne4 g4 17. Nfd2 Rg8 18. Nb3 b6 19. axb6 cxb6 20. d4 f5 21. c4 Nxb4 22.
Qd2 fxe4 23. cxd5 Bxd5 24. Nc1 Be7 25. dxe5 a5 26. Bd4 h5 27. Bb5 Bg5 28. Qc3
Kb7 29. Ne2 Na7 30. Ba4 Rc8 31. Qb2 Bd8 32. Nc3 Nd3 33. Qd2 Nc6 34. Bxc6+ Bxc6
35. Rdb1 Qc4 36. Qe3 Nb4 37. Nxe4 Bxe4 38. Qxe4+ Ka6 39. Rd1 Nc2 40. Rac1 Bg5
41. Qg6 Bd8 42. Rd2 Nxd4 43. Rxc4 Rxc4 44. Rd1 Nc6 45. e6 Be7 46. Qxh5 b5 47.
Rb1 b4 48. h3 gxh3 49. Qe2 h2+ 50. Kxh2 Bd6+ 51. g3 Kb5 52. Rc1 Ne5 53. f4 Ng4+
54. Kg2 1-0

[Event "Olimpiade 2018 - Open"]
[Site "Batumi"]
[Date "26.09.2018"]
[Round "3.51"]
[Board "4"]
[White "Lorenzana, Wilson Estuardo"]
[Black "Jimenez Garcia, Emmanuel"]
[Result "0-1"]
[WhiteTitle "IM"]
[BlackTitle "FM"]
[WhiteElo "2292"]
[BlackElo "2290"]
[WhiteTeam "Guatemala"]
[BlackTeam "Costa Rica"]
[WhiteFideId "7300239"]
[BlackFideId "6504779"]
[EventDate "2018.09.24"]

1. e4 g6 2. d4 Bg7 3. Nc3 c6 4. h3 d6 5. Nf3 Nf6 6. Be3 O-O 7. Qd2 b5 8. a3 Nbd7
9. Bd3 Qc7 10. Bh6 e5 11. O-O a6 12. Bxg7 Kxg7 13. dxe5 dxe5 14. Ne2 Re8 15. Ng3
Nc5 16. Qc3 Na4 17. Qd2 Nxb2 18. Nh4 Ng8 19. f4 Qe7 20. Nf3 f6 21. fxe5 fxe5 22.
Rfb1 Na4 23. Kh2 Bd7 24. c4 Rad8 25. cxb5 axb5 26. Qe3 Rb8 27. Bc2 Nb6 28. Qc3
c5 29. Bb3 Nf6 30. Rd1 c4 31. Bc2 Ra8 32. Qe3 Ra6 33. Qc3 Bc6 34. Rdb1 Na4 35.
Qe3 h6 36. Nd2 Qc5 37. Qe1 Nb6 38. Nf3 Rxa3 39. Rxa3 Qxa3 40. Nh4 Bd7 41. Qf2
Nc8 42. Rd1 Be6 43. Rd5 Qf8 44. Rd2 c3 45. Re2 b4 46. Qe3 b3 47. Bxb3 Bxb3 48.
Qxc3 Bg8 49. Qe3 Nd6 50. Rf2 Qe7 51. Nf3 Bh7 52. Nd2 g5 53. Re2 Bg6 54. Re1 Nh5
55. Ngf1 Qf7 56. g3 Nf6 57. Ra1 Nfxe4 58. Ra7 Re7 59. Rxe7 Qxe7 60. Nf3 Nc4 61.
Qe2 Ned6 62. Ne1 e4 63. Ng2 Qf6 64. h4 Qf3 65. Qe1 Ne5 66. Qa1 Qf6 67. Qa7+ Ndf7
68. Nfe3 Nf3+ 69. Kh1 Qe6 70. g4 Qe5 71. Nf1 gxh4 72. Nge3 Ng5 73. Qa2 Qf6 74.
Qe2 Qf3+ 75. Qg2 Kf6 76. Kh2 Qxg2+ 77. Kxg2 Ke5 78. Kf2 Nh3+ 79. Kg2 Nf4+ 80.
Kh2 Kd4 81. Kg1 Ng5 82. Kf2 Kd3 83. Nd1 Nd5 84. Nb2+ Kd4 85. Nd1 h3 0-1

[Event "Olimpiade 2018 - Open"]
[Site "Batumi"]
[Date "26.09.2018"]
[Round "3.62"]
[Board "3"]
[White "Iclicki, Willy"]
[Black "Lopez Azambuja, Nicolas"]
[Result "0-1"]
[BlackTitle "FM"]
[WhiteElo "1992"]
[BlackElo "2322"]
[WhiteTeam "Liechtenstein"]
[BlackTeam "Uruguay"]
[WhiteFideId "200450"]
[BlackFideId "3003809"]
[EventDate "2018.09.24"]

1. d4 Nf6 2. c4 e6 3. Nc3 Bb4 4. e3 O-O 5. Bd3 d5 6. Ne2 dxc4 7. Bxc4 e5 8. a3
Bd6 9. Nb5 Nc6 10. O-O e4 11. Nxd6 cxd6 12. f3 d5 13. Bb5 Ne7 14. fxe4 Nxe4 15.
Nc3 Bf5 16. Nxe4 Bxe4 17. Qe2 Rc8 18. Bd3 Bxd3 19. Qxd3 Qc7 20. Bd2 Qc2 21. Qxc2
Rxc2 22. Bb4 Re8 23. Bxe7 Rxe7 24. Rac1 Rcc7 25. Rxc7 Rxc7 26. Rf2 g6 27. Rd2
Kg7 28. Kf2 Kf6 29. Ke2 Kf5 30. Kd3 h5 31. Rf2+ Ke6 32. Rf1 h4 33. g3 hxg3 34.
hxg3 Rc8 35. Rh1 a5 36. g4 Rc6 37. e4 dxe4+ 38. Kxe4 Rc2 39. b4 a4 40. Rh8 Re2+
41. Kd3 Ra2 42. Rb8 Kd5 43. Rd8+ Kc6 44. Kc4 b5+ 45. Kd3 Rxa3+ 46. Ke4 Rg3 47.
Kf4 Rb3 48. Rf8 Kd5 0-1

[Event "Olimpiade 2018 - Open"]
[Site "Batumi"]
[Date "26.09.2018"]
[Round "3.73"]
[Board "3"]
[White "Huguet, Sergio"]
[Black "Mziyako, Sobhi"]
[Result "1-0"]
[WhiteTitle "FM"]
[WhiteElo "2053"]
[BlackElo "1405"]
[WhiteTeam "Honduras"]
[BlackTeam "Swaziland"]
[WhiteFideId "2212552"]
[BlackFideId "20700059"]
[EventDate "2018.09.24"]

1. e4 c5 2. Nc3 d6 3. f4 e6 4. Nf3 Nc6 5. Bb5 Ne7 6. O-O a6 7. Bxc6+ Nxc6 8. d3
Be7 9. Ne2 O-O 10. Be3 b6 11. c3 Bb7 12. g4 f5 13. gxf5 exf5 14. Ng3 fxe4 15.
dxe4 Kh8 16. Qd3 Qc7 17. Nf5 Rad8 18. h4 g6 19. Nxe7 Qxe7 20. Rae1 Qf6 21. Bd2
b5 22. c4 b4 23. b3 Rd7 24. Re2 h6 25. Bc1 Qe6 26. Bb2+ Kh7 27. f5 gxf5 28. exf5
Qxf5 29. Ng5+ Kg6 30. Rxf5 Rxf5 31. Re6+ Kh5 32. Qxf5 1-0

[Event "Olimpiade 2018 - Open"]
[Site "Batumi"]
[Date "27.09.2018"]
[Round "4.11"]
[Board "2"]
[White "Roganovic, Milos"]
[Black "Perez Candelario, Manuel"]
[Result "0-1"]
[WhiteTitle "GM"]
[BlackTitle "GM"]
[WhiteElo "2527"]
[BlackElo "2590"]
[WhiteTeam "Serbia"]
[BlackTeam "Spain"]
[WhiteFideId "937614"]
[BlackFideId "2210622"]
[EventDate "2018.09.24"]

1. e4 e5 2. Nf3 Nc6 3. Bc4 Nf6 4. d3 Be7 5. O-O O-O 6. h3 d6 7. a3 Nd7 8. Nc3
Nb6 9. Ba2 Kh8 10. d4 Nxd4 11. Nxd4 exd4 12. Qxd4 f5 13. Nd5 Nxd5 14. exd5 Bf6
15. Qb4 a5 16. Qb3 Bd4 17. Be3 a4 18. Qb4 Bxe3 19. fxe3 Re8 20. Rae1 Re4 21. Qc3
Bd7 22. Rf4 Re5 23. e4 Qe7 24. Qxc7 b5 25. c3 g5 26. Rff1 Rg8 27. Qa7 g4 28.
hxg4 Rxg4 29. Bb1 f4 30. Rf2 Reg5 31. Qd4+ Kg8 32. Kf1 Rxg2 33. Ke2 R5g3 34. Rf1
Qg5 35. Kd2 Rf3 36. Kc1 Rgxf2 0-1

[Event "Olimpiade 2018 - Open"]
[Site "Batumi"]
[Date "27.09.2018"]
[Round "4.14"]
[Board "4"]
[White "El Debs, Felipe de Cresce"]
[Black "Vivas Zamora, Fabian Ernesto"]
[Result "1-0"]
[WhiteTitle "GM"]
[BlackTitle "CM"]
[WhiteElo "2542"]
[BlackElo "2363"]
[WhiteTeam "Brazil"]
[BlackTeam "Venezuela"]
[WhiteFideId "2106981"]
[BlackFideId "3902480"]
[EventDate "2018.09.24"]

1. e4 c5 2. Nf3 d6 3. Bb5+ Nd7 4. d4 cxd4 5. Qxd4 Nf6 6. Nc3 e5 7. Qd3 h6 8. Be3
Be7 9. O-O a6 10. Bc4 O-O 11. a4 Qc7 12. Nh4 Rd8 13. Ng6 Nc5 14. Bxc5 dxc5 15.
Nxe7+ Qxe7 16. Nd5 Nxd5 17. Bxd5 b6 18. Rfd1 Bb7 19. c4 Bxd5 20. cxd5 Qb7 21.
Qc3 Qe7 22. g3 Rac8 23. Qc4 Qb7 24. Rd3 Rd6 25. Rb3 g6 26. Rc1 f6 27. Qe2 Rd7
28. Qe3 Kg7 29. a5 b5 30. Rxc5 Rxc5 31. Qxc5 Rc7 32. Qe3 Rc2 33. Rc3 Rxc3 34.
Qxc3 Kf7 35. Qc5 f5 36. exf5 gxf5 37. Qd6 Qc8 38. Qxh6 Qd7 39. Qh7+ Ke8 40.
Qxd7+ 1-0

[Event "Olimpiade 2018 - Open"]
[Site "Batumi"]
[Date "27.09.2018"]
[Round "4.27"]
[Board "4"]
[White "Pascua, Haridas"]
[Black "Sirosh, Ilja"]
[Result "1/2-1/2"]
[WhiteTitle "IM"]
[BlackTitle "FM"]
[WhiteElo "2435"]
[BlackElo "2380"]
[WhiteTeam "Philippines"]
[BlackTeam "Estonia"]
[WhiteFideId "5203953"]
[BlackFideId "4500458"]
[EventDate "2018.09.24"]

1. Nf3 Nf6 2. g3 d5 3. Bg2 g6 4. b3 Bg7 5. Bb2 c5 6. c4 d4 7. O-O Nc6 8. e3 O-O
9. exd4 cxd4 10. Re1 Nd7 11. d3 Re8 12. Ba3 a5 13. Nbd2 h6 14. Nh4 Nb4 15. Bxb4
axb4 16. a4 Ra6 17. f4 e5 18. Qe2 f5 19. Bd5+ Kh7 20. Rad1 Rf8 21. fxe5 Nxe5 22.
Ndf3 Ng4 23. Ng2 g5 24. Qe7 Nf6 25. Bxb7 Qxe7 26. Rxe7 Ra7 27. Rxg7+ Kxg7 28.
Bxc8 Rxc8 29. Nxd4 Kg6 30. Ne3 f4 31. gxf4 gxf4 32. Ng2 Nh5 33. Kf2 Rd7 34. Nc2
Kg5 35. Rg1 Nf6 36. h3 Rxd3 37. Nge1+ Rg3 38. Rxg3+ fxg3+ 39. Kxg3 Ne4+ 40. Kg2
Nc5 41. Nxb4 Nxb3 42. Nf3+ Kf6 43. Nd5+ Kg7 44. Ne5 Rc5 45. Kf3 Ra5 46. Kf4 Rxa4
47. Ne3 Nc5 48. Nf5+ Kh7 49. h4 Ra3 50. Ng4 Rc3 51. Ngxh6 Rxc4+ 52. Kf3 Ne6 53.
h5 Ra4 54. Kg3 Nf4 55. Kg4 Ne6+ 56. Kg3 Rf4 57. Kh3 Ng7 58. Nxg7 Kxh6 59. Ne6
Re4 60. Nc5 Rc4 61. Ne6 Re4 62. Nc5 Re5 63. Nd7 Re7 64. Nf6 Kg5 65. Ng4 Ra7 66.
Nf2 Kxh5 67. Kg3 Ra3+ 68. Kf4 Kg6 69. Ne4 Ra5 70. Nd6 Kf6 71. Ne4+ 1/2-1/2

[Event "Olimpiade 2018 - Open"]
[Site "Batumi"]
[Date "27.09.2018"]
[Round "4.46"]
[Board "2"]
[White "Lye, Lik Zang"]
[Black "Ralison, Milanto Harifidy"]
[Result "0-1"]
[BlackTitle "FM"]
[WhiteElo "2351"]
[BlackElo "2281"]
[WhiteTeam "Malaysia"]
[BlackTeam "Madagascar"]
[WhiteFideId "5712181"]
[BlackFideId "13100351"]
[EventDate "2018.09.24"]

1. d4 Nf6 2. c4 g6 3. Nc3 d5 4. Bf4 Bg7 5. e3 c5 6. dxc5 Qa5 7. Rc1 Ne4 8. Qb3
Nd7 9. cxd5 O-O 10. Ne2 Ndxc5 11. Qd1 Bd7 12. f3 Ba4 13. b3 Nxc3 14. Nxc3 Bxc3+
15. Kf2 Bd7 16. a3 Na6 17. h4 Rfc8 18. h5 Qxa3 19. Bc4 Nb4 20. hxg6 hxg6 21. d6
e6 22. Kg3 Bf6 23. Qd2 b5 24. Bg5 Bg7 25. Bh6 Qb2 26. Bxg7 Qxg7 27. Qxb4 bxc4
28. Qb7 Qe5+ 29. Kf2 Bc6 30. Qe7 Rd8 31. Rh7 Rd7 32. Qh4 Rxd6 33. Rh1 Rd2+ 34.
Kf1 Qa1+ 35. Qe1 Rd1 36. Rh8+ Kg7 0-1

[Event "Olimpiade 2018 - Open"]
[Site "Batumi"]
[Date "27.09.2018"]
[Round "4.51"]
[Board "3"]
[White "Silva, David"]
[Black "Ortiz Q, Johnny Alexander"]
[Result "1/2-1/2"]
[WhiteTitle "IM"]
[BlackTitle "FM"]
[WhiteElo "2223"]
[BlackElo "2207"]
[WhiteTeam "Angola"]
[BlackTeam "Guatemala"]
[WhiteFideId "10101314"]
[BlackFideId "7300220"]
[EventDate "2018.09.24"]

1. e4 c5 2. Nf3 d6 3. Bb5+ Nd7 4. Ba4 Nf6 5. O-O e6 6. c4 Be7 7. Nc3 O-O 8. d3
Ne5 9. Nxe5 dxe5 10. a3 Bd7 11. Be3 b6 12. Rb1 Bxa4 13. Qxa4 Ng4 14. Bd2 Bg5 15.
Qd1 Bxd2 16. Qxd2 Qh4 17. h3 Nf6 18. b4 Nd7 19. Qe3 Rfd8 20. Na4 Rac8 21. Rb2 h6
22. Qg3 Qe7 23. Re1 Qd6 24. Rb3 Nf6 25. bxc5 bxc5 26. Qf3 Nd7 27. Reb1 Qa6 28.
Nc3 Rb8 29. Qe3 Rb6 30. Qc1 Rdb8 31. Qc2 Kf8 32. Rxb6 axb6 33. a4 Ra8 34. Rb5
Qc8 35. g3 Qc7 36. Kg2 1/2-1/2

[Event "Olimpiade 2018 - Open"]
[Site "Batumi"]
[Date "27.09.2018"]
[Round "4.56"]
[Board "4"]
[White "Rozo, Paulo"]
[Black "Jaiswal, Rupesh"]
[Result "1/2-1/2"]
[BlackTitle "FM"]
[WhiteElo "2157"]
[BlackElo "2165"]
[WhiteTeam "Bolivia"]
[BlackTeam "Nepal"]
[WhiteFideId "3302105"]
[BlackFideId "12300870"]
[EventDate "2018.09.24"]

1. e4 e6 2. d4 d5 3. Nc3 Bb4 4. Ne2 Nc6 5. a3 Ba5 6. Be3 dxe4 7. b4 Bb6 8. Nxe4
e5 9. d5 Bxe3 10. fxe3 Nce7 11. N2c3 Nf5 12. Bb5+ Bd7 13. O-O Ngh6 14. Qh5 O-O
15. Bxd7 Qxd7 16. Rae1 Kh8 17. Nc5 Qc8 18. g4 Nd6 19. h3 b6 20. N5e4 f5 21. Ng5
Qe8 22. Qxe8 Rfxe8 23. gxf5 Nhxf5 24. Ne6 Rac8 25. b5 Kg8 26. a4 Ne7 27. e4 Ng6
28. Na2 Nf8 29. Ng5 h6 30. Nf3 Nd7 31. Nb4 Nc5 32. Nc6 Nc4 33. Nh4 Nd2 34. Rf5
Ndxe4 35. Ng6 Kh7 36. Nge7 Ra8 37. Rxe5 Nd6 38. Nf5 Rxe5 39. Rxe5 Nxa4 40. Nxd6
cxd6 41. Re6 Nc3 42. Rxd6 Nxb5 43. Re6 Nc7 44. Re5 Nb5 45. Re6 1/2-1/2

[Event "Olimpiade 2018 - Open"]
[Site "Batumi"]
[Date "27.09.2018"]
[Round "4.69"]
[Board "4"]
[White "Eichab, Charles"]
[Black "Kassis, Antoine LIB"]
[Result "1/2-1/2"]
[WhiteTitle "CM"]
[BlackTitle "FM"]
[WhiteElo "2016"]
[BlackElo "2173"]
[WhiteTeam "Namibia"]
[BlackTeam "Lebanon"]
[WhiteFideId "15200051"]
[BlackFideId "5300150"]
[EventDate "2018.09.24"]

1. b3 e5 2. Bb2 Nc6 3. e3 d5 4. Bb5 f6 5. Ne2 Ne7 6. O-O Be6 7. d4 e4 8. c4 a6
9. Bxc6+ bxc6 10. Qc2 Ng6 11. Ba3 Bxa3 12. Nxa3 Qd6 13. cxd5 cxd5 14. Qc5 Qxc5
15. dxc5 Ne5 16. Rac1 Ke7 17. Nd4 g5 18. Rc3 Nd3 19. Nac2 Rhc8 20. Ne1 Ne5 21.
Nec2 Nd3 22. Ne1 Ne5 23. Nec2 Nd3 1/2-1/2

[Event "Olimpiade 2018 - Open"]
[Site "Batumi"]
[Date "27.09.2018"]
[Round "4.72"]
[Board "3"]
[White "Lill, Sami"]
[Black "Chunguane, Ilidio Alberto"]
[Result "0-1"]
[WhiteTitle "CM"]
[BlackTitle "CM"]
[WhiteElo "1844"]
[BlackElo "2054"]
[WhiteTeam "Bermuda"]
[BlackTeam "Mozambique"]
[WhiteFideId "8800170"]
[BlackFideId "14800276"]
[EventDate "2018.09.24"]

1. c4 Nf6 2. Nc3 c6 3. Nf3 d5 4. e3 Bg4 5. d4 e6 6. c5 Be7 7. Bd3 O-O 8. Qc2 b6
9. Ne5 Bh5 10. b4 a5 11. Ba3 Bg6 12. Nxg6 fxg6 13. h3 Nbd7 14. f4 axb4 15. Bxb4
bxc5 16. dxc5 Nxc5 17. Bxc5 Bxc5 18. Ke2 Bxe3 19. Kxe3 d4+ 20. Ke2 dxc3 21. Rhf1
Qd4 22. Rf3 Nd5 23. Rd1 Nxf4+ 24. Kf1 Nxd3 25. Rxd3 Rxf3+ 26. gxf3 Rxa2 27. Rxd4
Rxc2 28. Rc4 Rc1+ 29. Ke2 c2 30. Kd2 Rh1 31. Kxc2 Rxh3 32. Rxc6 Rxf3 33. Rxe6 g5
34. Kd2 g4 35. Ke2 h5 36. Re5 g6 37. Re7 Rf6 38. Ke3 g3 0-1

[Event "Olimpiade 2018 - Open"]
[Site "Batumi"]
[Date "27.09.2018"]
[Round "4.73"]
[Board "1"]
[White "Abdul Rahman, Ali"]
[Black "Ntamatungiro, Wilfried"]
[Result "1-0"]
[WhiteTitle "CM"]
[WhiteElo "1850"]
[BlackElo "1765"]
[WhiteTeam "Maldives"]
[BlackTeam "Burundi"]
[WhiteFideId "16700066"]
[BlackFideId "20300166"]
[EventDate "2018.09.24"]

1. d4 Nf6 2. e3 c6 3. Bd3 d6 4. f4 Bg4 5. Nf3 Qc7 6. Be2 Nbd7 7. Nbd2 e5 8. fxe5
dxe5 9. c3 exd4 10. exd4 Bd6 11. Nc4 O-O 12. Nxd6 Qxd6 13. O-O Rfe8 14. Bd3 h6
15. Qb3 b5 16. Nh4 Nd5 17. Bd2 Re7 18. Bf5 Be2 19. Rf2 Bc4 20. Qc2 Rae8 21. Bh7+
Kh8 22. Nf5 Ne3 23. Bxe3 Qe6 24. Nxe7 Qxe3 25. b3 Rxe7 26. bxc4 g6 27. Bxg6 fxg6
28. Qxg6 bxc4 29. Rf1 Rg7 30. Qxc6 Nf8 31. Kh1 Ng6 32. Qxc4 Nh4 33. d5 Qg5 34.
Qd4 Nf5 35. Qe5 Ne3 36. Qxg5 Rxg5 37. Rf8+ Kg7 38. R1f7+ Kg6 39. d6 Rd5 40. Rf6+
Kg5 41. h3 Rd2 42. c4 Nxc4 43. Rf5+ Kg6 44. R8f6+ Kg7 45. Rf7+ Kg6 46. R5f6+ Kg5
47. d7 Nb6 48. Rf4 h5 49. R7f6 h4 50. R4f5# 1-0

[Event "Olimpiade 2018 - Open"]
[Site "Batumi"]
[Date "27.09.2018"]
[Round "4.75"]
[Board "2"]
[White "Anquandah, Francis Eric"]
[Black "Blackman, Justin"]
[Result "0-1"]
[WhiteTitle "IM"]
[WhiteElo "1992"]
[BlackElo "2158"]
[WhiteTeam "Ghana"]
[BlackTeam "Barbados"]
[WhiteFideId "12600148"]
[BlackFideId "11100516"]
[EventDate "2018.09.24"]

1. e4 c5 2. Nf3 d6 3. d4 cxd4 4. Bb5+ Nd7 5. Nxd4 a6 6. Ba4 Nf6 7. f3 e6 8. Nc3
Be7 9. Be3 Qc7 10. Qd2 b5 11. Bb3 Nc5 12. O-O Bd7 13. Rfd1 O-O 14. Rac1 Rab8 15.
a3 a5 16. Qe2 Qb7 17. Qf2 Rfc8 18. Kh1 Na4 19. Rb1 Rxc3 20. bxc3 Nxc3 21. Qd2
Nxd1 22. Qxd1 Qc8 23. Qd3 b4 24. a4 Qb7 25. g4 Ne8 26. g5 Nc7 27. Rg1 d5 28. Bf4
dxe4 29. Qxe4 Qxe4 30. fxe4 Rc8 31. Rd1 Be8 32. h4 Na6 33. Nxe6 Rc3 34. Nd8 Nc5
35. Bc7 Nxb3 36. cxb3 Rxc7 37. Rd5 Bd7 38. Nxf7 Kxf7 39. Rxa5 Bc6 40. Kg2 Bxe4+ 0-1

[Event "Olimpiade 2018 - Open"]
[Site "Batumi"]
[Date "27.09.2018"]
[Round "4.84"]
[Board "3"]
[White "Marko, Helmut"]
[Black "dos Reis, Tito"]
[Result "1-0"]
[WhiteTitle "CM"]
[WhiteElo "1902"]
[BlackElo "1627"]
[WhiteTeam "Papua New Guinea"]
[BlackTeam "Timor Leste"]
[WhiteFideId "9100032"]
[BlackFideId "31900291"]
[EventDate "2018.09.24"]

1. d4 Nf6 2. Nf3 h6 3. Bf4 e6 4. e3 d5 5. h3 c6 6. Nbd2 a6 7. Bd3 Qb6 8. Rb1
Nbd7 9. O-O c5 10. c4 Bd6 11. cxd5 Nxd5 12. Nc4 Qd8 13. Nxd6+ Ke7 14. Bg3 b5 15.
Ne5 Nxe5 16. dxe5 f5 17. exf6+ Nxf6 18. Bg6 Rf8 19. Qc2 Qb6 20. Rfd1 Bd7 21. Ne4
Rfc8 22. Bd6+ Kd8 23. Bxc5 Qc7 24. b4 Qe5 25. Nxf6 Qxf6 26. Qd3 Rc7 27. Bb6 Qe7
28. Rbc1 Ra7 29. Rxc7 Rxc7 30. Qc3 Qf8 31. Qxc7+ Ke7 32. Bc5+ Kf6 33. Bxf8 Kxg6 1-0